Identity in Latin American and Latina literature : the struggle to self-define in a global era where space, capitalism, and power rule /

Bibliographic Details
Main Author: Quinn-Sánchez, Kathryn (Author)
Format: Book
Language:English
Published: Lanham, Maryland : Lexington Books, [2015]
Subjects:

MARC

Tag First Indicator Second Indicator Subfields
LEADER 00000cam a2200000 i 4500
001 in00003517713
005 20151206125756.0
008 141028s2015 mdu b 001 0 eng
010 |a  2014042552 
019 |a 890510011 
020 |a 9780739192702  |q cloth 
020 |a 0739192701  |q cloth 
020 |z 9780739192719  |q electronic bk. 
035 |a (OCoLC)ocn890625265 
035 |a (OCoLC)890625265 
040 |a DLC  |b eng  |e rda  |c DLC  |d YDX  |d BTCTA  |d YDXCP  |d IAK  |d BDX  |d UtOrBLW 
042 |a pcc 
049 |a TXAM 
050 0 0 |a PQ7081.5  |b .Q56 2015 
082 0 0 |a 860.9/9287  |2 23 
100 1 |a Quinn-Sánchez, Kathryn,  |e author. 
245 1 0 |a Identity in Latin American and Latina literature :  |b the struggle to self-define in a global era where space, capitalism, and power rule /  |c Kathryn Quinn-Sanchez. 
264 1 |a Lanham, Maryland :  |b Lexington Books,  |c [2015] 
300 |a xvi, 127 pages ;  |c 24 cm 
336 |a text  |b txt  |2 rdacontent 
337 |a unmediated  |b n  |2 rdamedia 
338 |a volume  |b nc  |2 rdacarrier 
504 |a Includes bibliographical references and index. 
505 0 |a Introduction -- 1: Reject. Rejecting eden's limits/choosing freedom : Belli's El infinito en la palma de la mano ; Rejecting labels/choosing hope through self-definition : Sandra Cisneros' The house on Mango Street ; Rejecting failed hegemony : capitalism and borderland violence : Ana Castillo's The guardians ; Rejecting national mores/there is no country for lesbian Latinas : Cherríe Moraga's The hungry woman -- 2: Contest. Contesting love as defined by popular culture/redefining self-love : Denise Chávez' Loving Pedro Infante ; Contesting the nation-state's abuse of power : Marcela Serrano's La llorona ; Contesting traditional patriarchal definitions of theory : Norma E. Cantú's Canícula ; Contesting Anglo-feminism and academic space/redefining the academe from within : Telling to live, Latina feminist testimonios -- 3: Subvert. Subverting patriarchy, the nation-state, and redefining society : Gioconda Belli's El país de las mujeres ; Subverting HIStory : creating spaces of solidarity, equality, and freedom. 
650 0 |a Latin American literature  |x Women authors  |x History and criticism. 
650 0 |a Identity (Philosophical concept) in literature. 
938 |a Baker and Taylor  |b BTCP  |n BK0015661593 
938 |a YBP Library Services  |b YANK  |n 12071369 
938 |a Brodart  |b BROD  |n 110757513 
947 |a A14842945348 
945 |a PromptCat  |b 71084 
946 |a stk 
948 |a Cataloged  |b h  |c 2015/2/12  |d c  |e LDuncan 
994 |a 92  |b TXA 
999 |a MARS 
999 f f |s ff7ba71e-5950-33f1-8292-712adb2f4ff8  |i 6a871fb6-e1b7-35f0-95b6-3b94fac017a0  |t 0 
952 f f |p normal  |a Texas A&M University  |b College Station  |c Sterling C. Evans Library  |d Evans: Library Stacks  |t 0  |e PQ7081.5 .Q56 2015  |h Library of Congress classification  |i unmediated -- volume  |m A14842945348 
998 f f |a PQ7081.5 .Q56 2015  |t 0  |l Evans: Library Stacks